Is urban renewal best with a regional flavour? (Record no. 70130)
[ view plain ]
| 000 -LEADER | |
|---|---|
| fixed length control field | 00892cam a2200205 4500 |
| 001 - CONTROL NUMBER | |
| control field | ABS65448 |
| 008 - FIXED-LENGTH DATA ELEMENTS--GENERAL INFORMATION | |
| fixed length control field | 020430n2002 000 0 eng u |
| 035 ## - SYSTEM CONTROL NUMBER | |
| System control number | (Sirsi) u117779 |
| 100 ## - MAIN ENTRY--PERSONAL NAME | |
| Personal name | Cooper, P |
| 245 ## - TITLE STATEMENT | |
| Title | Is urban renewal best with a regional flavour? |
| 260 ## - PUBLICATION, DISTRIBUTION, ETC. | |
| Date of publication, distribution, etc. | 2002 |
| 490 ## - SERIES STATEMENT | |
| Series statement | Urban Environment Today |
| Volume/sequential designation | (145) 18 April 2002, 10-11(2) |
| 520 ## - SUMMARY, ETC. | |
| Summary, etc. | Reports on implications for urban areas of regional government white paper, to be launched May 2002, which will outline plans for devolution of powers to give RDAs and regional assemblies greater potential to guide economic and physical regeneration of their regions. Concludes that public commitment to regional development seems proportional to the distance from London. |
| 590 ## - LOCAL NOTE (RLIN) | |
| Local note | ABS |
| 650 ## - SUBJECT ADDED ENTRY--TOPICAL TERM | |
| Topical term or geographic name entry element | RDAS |
| 650 ## - SUBJECT ADDED ENTRY--TOPICAL TERM | |
| Topical term or geographic name entry element | REGIONAL GOVERNMENT |
| 650 ## - SUBJECT ADDED ENTRY--TOPICAL TERM | |
| Topical term or geographic name entry element | REGIONAL DEVELOPMENT |
| 690 ## - LOCAL SUBJECT ADDED ENTRY--TOPICAL TERM (OCLC, RLIN) | |
| Topical term or geographic name as entry element | REGENERATION |
| 942 ## - ADDED ENTRY ELEMENTS (KOHA) | |
| Suppress in OPAC | 0 |
| Withdrawn status | Lost status | Source of classification or shelving scheme | Damaged status | Not for loan | Home library | Current library | Shelving location | Date acquired | Total Checkouts | Full call number | Barcode | Date last seen | Copy number | Price effective from | Koha item type |
|---|---|---|---|---|---|---|---|---|---|---|---|---|---|---|---|
| Dewey Decimal Classification | London | London | Journal article | 30/04/2002 | ABS65448 | 117779-1001 | 06/08/2019 | 1 | 06/08/2019 | Journal article |